Elektronické bankovníctvo-príležitosti a hrozby bakalárska práca

Saved in:
Bibliographic Details
Main Author: Lesičková, Silvia
Corporate Author: Národohospodárska fakulta EU. Katedra bankovníctva a medzinárodných financií
Other Authors: Šturc, Boris, 1961-
Format: Book
Language:Slovak
Published: Bratislava 2013
Tags: Add Tag
No Tags, Be the first to tag this record!

MARC

LEADER 00000nbm a2200000 4500
001 0172460
005 20161109112053.9
041 0 |a slo 
044 |a SK 
245 1 0 |a Elektronické bankovníctvo-príležitosti a hrozby  |b bakalárska práca  |c Silvia Lesičková ; školiteľ: Boris Šturc 
264 1 |a Bratislava  |c 2013 
300 |a 35 s. 
100 1 |a Lesičková, Silvia 
700 1 |a Šturc, Boris, 1961- 
710 2 |a Národohospodárska fakulta EU. Katedra bankovníctva a medzinárodných financií